Italia - Aree che si raggiungono passando dall'estero o da acque int. - Statistics

Statistiche generali
  • Questo quiz è stato fatto 35 volte
  • Il punteggio medio è 3 su 5
Statistiche sulle risposte
Tipo di ente amministrativo Nome % Corretto
Regione Sardegna
97%
Comune Campione d'Italia
66%
Comune Pantelleria
47%
Comune Lampedusa e Linosa
22%
Comune Ustica
19%
Nessun quiz corrispondente trovato
Distribuzione punteggi
Percentuale di utenti per punteggio
Percentile per numero di risposta
I tuoi punteggi nel tempo
Non hai fatto questo quiz